Justin Timberlake Lyrics - Statistics

General Stats
  • This quiz has been taken 423 times
  • The average score is 8 of 10
Answer Stats
Hint Answer % Correct
You told me you loved me Why did you leave me, all alone/ Now you tell me you need me When you call me, on the phone/ Girl I refuse, you must have me confused With some other guy/ Your bridges were burned, and now it's your turn To cry Cry Me A River
91%
Them other boys don't know how to act/ I think it's special what's behind your back/ So turn around and I'll pick up the slack SexyBack
87%
Cause with your hand in my hand and a pocket full of soul I can tell you there's no place we couldn't go/ Just put your hand on the glass, I'll be tryin' to pull you through You just gotta be strong Mirrors
85%
Got time, but I don't mind/ Just wanna rock you girl/ I'll have whatever you have/ Come on, just give it a whirl Rock Your Body
82%
Don't want to think about it/ Don't want to talk about it/ I'm just so sick about it/ Can't believe it's ending this way/ Just so confused about it/ Feeling the blues about it/ I just can't do without ya/ Tell me is this fair? What Goes Around.../...Comes Around Interlude
78%
If I wrote you a symphony/ Just to say how much you mean to me (What would you do?)/ If I told you you were beautiful/ Would you date me on the regular? My Love (ft. T.I.)
77%
Hey, those flashing lights come from everywhere/ The way they hit her I just stop and stare/ She's got me love stoned, man, I swear She's bad and she knows/ I think that she knows LoveStoned/ I Think She Knows Interlude
73%
I can't wait 'til I get you on the floor, good-looking/ Going hot, so hot, just like an oven/ And I'll burn myself, but just had to touch it/ But it's so fine and it's all mine Suit & Tie
72%
I feel for you/ You deal with things, that you don't have to/ He doesn't love ya, I can tell by his charm/ But you could feel this real love/ If you just lay in my... Señorita
68%
Tell me where you from, what you do, what you like Let me pick your brain, girl/ And tell me how they got that pretty little face On that pretty little frame, girl Summer Love
66%
No matching quizzes found
Score Distribution
Percent of People with Each Score
Percentile by Number Answered
Your Score History
You have not taken this quiz